[Event "Sebes Romanian Rapid op"]
[Site "Sebes"]
[Date "2022.12.02"]
[Round "7"]
[White "Ambru, Dan Calin"]
[Black "Sulita, Vlad Petre"]
[Result "1-0"]
[WhiteElo "1948"]
[BlackElo "1632"]
[PlyCount "83"]
[EventDate "2022.12.02"]
[EventType "swiss (rapid)"]
[EventRounds "8"]
[EventCountry "ROU"]
[SourceTitle "CBM 211 Extra"]
[Source "ChessBase"]
[SourceDate "2023.01.31"]
[SourceVersion "1"]
[SourceVersionDate "2023.01.31"]
[SourceQuality "1"]

1. d4 Nf6 2. c4 a6 3. Nc3 b5 4. cxb5 axb5 5. Nxb5 e5 6. dxe5 Ne4 7. Nc3 Bb4 8. Bd2 Nxd2 9. Qxd2 Qe7 10. Nf3 Ba6 11. e3 Bxf1 12. Kxf1 0-0 13. Nd5 Qc5 14. Nxb4 d6 15. exd6 cxd6 16. Nd4 Nd7 17. Rc1 Qg5 18. f4 Qh6 19. Nf5 Qe6 20. Qd5 Qf6 21. Nd4 Rfe8 22. Kf2 Nc5 23. Rhe1 Rab8 24. a3 Qh4+ 25. Kg1 Qf6 26. g4 h6 27. g5 Qg6 28. Kh1 hxg5 29. Qxg5 Qe4+ 30. Qg2 Qh7 31. f5 Qh6 32. Qf3 Ne4 33. Nd3 Ng5 34. Qg2 Nh3 35. f6 g6 36. Nf5 Qh5 37. Ne7+ Kh7 38. Nf4 Nxf4 39. exf4 Qh4 40. Qg5 Qh3 41. Re3 Qxe3 42. Qh4# 1-0

[Event "Arad op 15th"]
[Site "Arad"]
[Date "2022.08.10"]
[Round "4"]
[White "Matasaru, Stephanie"]
[Black "Ambru, Dan Calin"]
[Result "1-0"]
[WhiteElo "1917"]
[BlackElo "2008"]
[PlyCount "75"]
[EventDate "2022.08.08"]
[EventType "swiss"]
[EventRounds "9"]
[EventCountry "ROU"]
[SourceTitle "CBM 209 Extra"]
[Source "ChessBase"]
[SourceDate "2022.09.30"]
[SourceVersion "1"]
[SourceVersionDate "2022.09.30"]
[SourceQuality "1"]

1. e4 c5 2. Nf3 Nc6 3. d4 cxd4 4. Nxd4 Nf6 5. Nc3 e5 6. Ndb5 d6 7. Bg5 a6 8. Na3 b5 9. Nd5 Be7 10. Bxf6 Bxf6 11. c3 Ne7 12. Nxf6+ gxf6 13. Bd3 Bb7 14. Qe2 d5 15. Nc2 dxe4 16. Bxe4 Bxe4 17. Qxe4 Qd5 18. Qxd5 Nxd5 19. 0-0-0 0-0-0 20. Ne3 Nxe3 21. fxe3 Rxd1+ 22. Rxd1 Rd8 23. Rxd8+ Kxd8 24. Kc2 f5 25. g3 Ke7 26. Kb3 Kd6 27. c4 Kc5 28. cxb5 axb5 29. a4 bxa4+ 30. Kxa4 Kc6 31. b4 Kb6 32. b5 Kb7 33. Kb4 Kb6 34. Kc4 e4 35. h4 f6 36. h5 h6 37. Kb4 Kb7 38. Kc5 1-0

[Event "Puspokladany Arnoth Memorial 15th"]
[Site "Puspokladany"]
[Date "2022.07.31"]
[Round "9"]
[White "Nagy, Zsolt"]
[Black "Ambru, Dan Calin"]
[Result "0-1"]
[WhiteElo "1671"]
[BlackElo "2001"]
[PlyCount "40"]
[EventDate "2022.07.27"]
[EventType "swiss"]
[EventRounds "9"]
[EventCountry "HUN"]
[SourceTitle "EXT 2023"]
[Source "ChessBase"]
[SourceDate "2022.10.05"]
[SourceVersion "1"]
[SourceVersionDate "2022.10.05"]
[SourceQuality "1"]

1. d4 Nf6 2. c4 g6 3. Nc3 Bg7 4. e4 d6 5. Nf3 0-0 6. Be2 e5 7. d5 a5 8. 0-0 Na6 9. Bd2 c6 10. Bg5 h6 11. Bd2 cxd5 12. cxd5 Nc5 13. Qb1 Ne8 14. b4 axb4 15. Qxb4 f5 16. Be3 fxe4 17. Nxe5 Bxe5 18. Bxh6 Qh4 19. f4 Bxc3 20. Qxc3 Qxh6 0-1

[Event "Puspokladany Arnoth Memorial 15th"]
[Site "Puspokladany"]
[Date "2022.07.30"]
[Round "6"]
[White "Foldes, Marton Gabor"]
[Black "Ambru, Dan Calin"]
[Result "1-0"]
[WhiteElo "1917"]
[BlackElo "2001"]
[PlyCount "85"]
[EventDate "2022.07.27"]
[EventType "swiss"]
[EventRounds "9"]
[EventCountry "HUN"]
[SourceTitle "EXT 2023"]
[Source "ChessBase"]
[SourceDate "2022.10.05"]
[SourceVersion "1"]
[SourceVersionDate "2022.10.05"]
[SourceQuality "1"]

1. e4 c5 2. Nf3 Nc6 3. d4 cxd4 4. Nxd4 Nf6 5. Nc3 e5 6. Ndb5 d6 7. Bg5 a6 8. Na3 b5 9. Nd5 Be7 10. Bxf6 Bxf6 11. c4 b4 12. Nc2 0-0 13. g3 a5 14. Bg2 Bg5 15. 0-0 Be6 16. f4 Bh6 17. Qd3 Bxd5 18. Qxd5 Ne7 19. Qd3 exf4 20. gxf4 Ng6 21. Qg3 Rc8 22. Ne3 Kh8 23. b3 Nh4 24. Bh3 Rc5 25. Rad1 Qe7 26. Nd5 Qa7 27. Kh1 Ng6 28. f5 Ne7 29. f6 Nxd5 30. Qxd6 gxf6 31. exd5 Rc7 32. Qxf6+ Bg7 33. Qf2 Qa6 34. Qg3 Re7 35. d6 Re5 36. d7 Qa8+ 37. Qg2 Qd8 38. Rg1 Bf6 39. Rd5 Rxd5 40. Qxd5 Qe7 41. Bf5 Rg8 42. Be4 Rd8 43. Qf5 1-0

[Event "Baia Mare Castanelor Cup 7th"]
[Site "Baia Mare"]
[Date "2021.11.29"]
[Round "7"]
[White "Gheorghiu, Calin"]
[Black "Ambru, Dan Calin"]
[Result "1-0"]
[WhiteElo "2294"]
[BlackElo "1970"]
[PlyCount "67"]
[EventDate "2021.11.28"]
[EventType "swiss (rapid)"]
[EventRounds "9"]
[EventCountry "ROU"]
[SourceTitle "CBM 205 Extra"]
[Source "ChessBase"]
[SourceDate "2022.01.31"]
[SourceVersion "1"]
[SourceVersionDate "2022.01.31"]
[SourceQuality "1"]

1. e4 c5 2. Nf3 Nc6 3. Bb5 d6 4. 0-0 Bd7 5. Re1 Nf6 6. h3 a6 7. Bf1 e5 8. c3 Be7 9. d4 0-0 10. d5 Nb8 11. a4 b6 12. b4 Ne8 13. Nbd2 g6 14. Nc4 Ng7 15. Bh6 f5 16. a5 fxe4 17. Nfd2 b5 18. Nb6 Ra7 19. bxc5 dxc5 20. Nxe4 Bf5 21. d6 Bf6 22. Nxc5 Rff7 23. Bxg7 Bxg7 24. Qd5 Nd7 25. Ncxd7 Bxd7 26. c4 Qf6 27. Qd2 Bc6 28. cxb5 axb5 29. Rac1 Bd7 30. Rc7 Bh6 31. Nxd7 Bxd2 32. Nxf6+ Rxf6 33. Rd1 Rxd6 34. Rxa7 1-0

[Event "Baia Mare Castanelor Cup 7th"]
[Site "Baia Mare"]
[Date "2021.11.28"]
[Round "5"]
[White "Ardelean, Mihai George"]
[Black "Ambru, Dan Calin"]
[Result "0-1"]
[WhiteElo "1896"]
[BlackElo "1970"]
[PlyCount "92"]
[EventDate "2021.11.28"]
[EventType "swiss (rapid)"]
[EventRounds "9"]
[EventCountry "ROU"]
[SourceTitle "CBM 205 Extra"]
[Source "ChessBase"]
[SourceDate "2022.01.31"]
[SourceVersion "1"]
[SourceVersionDate "2022.01.31"]
[SourceQuality "1"]

1. d4 Nf6 2. c4 g6 3. Nc3 Bg7 4. e4 d6 5. f3 0-0 6. Be3 c5 7. Nge2 Qa5 8. Qd2 Nc6 9. d5 Ne5 10. Nc1 e6 11. Be2 exd5 12. exd5 Re8 13. 0-0 Nh5 14. Bh6 Bh8 15. Ne4 Qxd2 16. Bxd2 Rd8 17. g4 Nf6 18. Bg5 Nxe4 19. Bxd8 Nd2 20. Rd1 Nexf3+ 21. Bxf3 Nxf3+ 22. Kg2 Bxg4 23. Nd3 Rxd8 24. Kg3 Bh5 25. Rf1 Ne5 26. Nxe5 Bxe5+ 27. Kg2 Be2 28. Rf2 Bxc4 29. a3 Bxd5+ 30. Kf1 b5 31. Rd1 Bc4+ 32. Kg2 f5 33. h3 Kf7 34. Rc1 Bd5+ 35. Kf1 Bg3 36. Rfc2 Re8 37. b4 Bc4+ 38. Kg2 Bf4 39. Ra1 Bd3 40. Rf2 Be5 41. Rd1 c4 42. a4 a6 43. axb5 axb5 44. h4 Be4+ 45. Kh3 c3 46. Ra2 c2 0-1

[Event "ROM-ch"]
[Site "Iasi"]
[Date "2021.04.23"]
[Round "6"]
[White "Antonica, Dragos Andrei"]
[Black "Ambru, Dan Calin"]
[Result "1-0"]
[WhiteElo "2291"]
[BlackElo "1990"]
[PlyCount "73"]
[EventDate "2021.04.19"]
[EventType "swiss"]
[EventRounds "9"]
[EventCountry "ROU"]
[SourceTitle "CBM 202 Extra"]
[Source "ChessBase"]
[SourceDate "2021.07.31"]
[SourceVersion "1"]
[SourceVersionDate "2021.07.31"]
[SourceQuality "1"]

1. c4 Nf6 2. Nc3 g6 3. g3 Bg7 4. Bg2 d6 5. e4 0-0 6. Nge2 e5 7. 0-0 c6 8. d3 Nbd7 9. h3 Re8 10. Be3 a5 11. a3 Nc5 12. b4 axb4 13. axb4 Rxa1 14. Qxa1 Ne6 15. Qa7 Nd7 16. Na4 Qe7 17. g4 Bf6 18. Rb1 Bg5 19. b5 Bxe3 20. Qxe3 Qf6 21. Rd1 Nd4 22. Nac3 Nc5 23. bxc6 bxc6 24. f4 Nxe2+ 25. Nxe2 Bd7 26. fxe5 Qe7 27. exd6 Qxd6 28. Qf4 Qe7 29. Ng3 Ne6 30. Qf2 c5 31. e5 Nd4 32. Re1 f6 33. Ne4 fxe5 34. Nf6+ Kg7 35. Nxe8+ Bxe8 36. Qg3 Kf8 37. Qxe5 1-0

[Event "ROM-ch"]
[Site "Iasi"]
[Date "2021.04.20"]
[Round "2"]
[White "Isfan, Ioan Marius"]
[Black "Ambru, Dan Calin"]
[Result "1-0"]
[WhiteElo "2263"]
[BlackElo "1990"]
[PlyCount "93"]
[EventDate "2021.04.19"]
[EventType "swiss"]
[EventRounds "9"]
[EventCountry "ROU"]
[SourceTitle "CBM 202 Extra"]
[Source "ChessBase"]
[SourceDate "2021.07.31"]
[SourceVersion "1"]
[SourceVersionDate "2021.07.31"]
[SourceQuality "1"]

1. d4 Nf6 2. Bg5 e6 3. Nd2 c5 4. e3 b6 5. Ngf3 Bb7 6. Bd3 h6 7. Bh4 Be7 8. c3 0-0 9. 0-0 cxd4 10. exd4 Nh5 11. Bxe7 Qxe7 12. Re1 d6 13. Ne4 Nf6 14. Ng3 Qc7 15. Re2 Bxf3 16. gxf3 d5 17. Qd2 a6 18. f4 Nc6 19. Rae1 Ne7 20. f3 h5 21. f5 Nxf5 22. Bxf5 h4 23. Nf1 exf5 24. Qg5 Nh7 25. Qxf5 Qd8 26. Rg2 g6 27. Re6 Ra7 28. Qe5 g5 29. Rd6 Rd7 30. Rxd7 Qxd7 31. Ne3 Re8 32. Qxd5 Qe7 33. Re2 Kh8 34. Kf2 g4 35. fxg4 Ng5 36. Qf5 f6 37. Re1 Ne4+ 38. Kg1 Nd6 39. Qh5+ Qh7 40. Qxh7+ Kxh7 41. Ng2 Rg8 42. h3 f5 43. Re7+ Kh8 44. Re6 fxg4 45. Rxd6 gxh3 46. Rh6+ Kg7 47. Rxh4 1-0

[Event "Romania blitz online op final"]
[Site "Chess.com INT"]
[Date "2020.05.06"]
[Round "5"]
[White "Bulau, Andrei Cristian"]
[Black "Ambru, Dan Calin"]
[Result "1-0"]
[WhiteElo "2199"]
[BlackElo "1985"]
[PlyCount "109"]
[EventDate "2020.05.06"]
[EventType "swiss (blitz)"]
[EventRounds "9"]
[EventCountry "ROU"]
[SourceTitle "CBM 196 Extra"]
[Source "ChessBase"]
[SourceDate "2020.07.31"]
[SourceVersion "1"]
[SourceVersionDate "2020.07.31"]
[SourceQuality "1"]

1. d4 Nf6 2. c4 g6 3. Nc3 Bg7 4. e4 d6 5. Be2 0-0 6. Be3 c5 7. e5 Ne8 8. exd6 cxd4 9. dxe7 Qxe7 10. Bxd4 Nf6 11. Nf3 Nc6 12. 0-0 Nxd4 13. Qxd4 Be6 14. Rad1 Nd5 15. Nxd5 Bxd5 16. Qxd5 Qxe2 17. Rd2 Qe7 18. Re1 Qc7 19. Red1 Bf6 20. b3 Kg7 21. Qd7 Qxd7 22. Rxd7 Rfd8 23. Kf1 Kf8 24. Rxd8+ Rxd8 25. Rxd8+ Bxd8 26. Ke2 Bf6 27. Kd3 a5 28. Nd2 Ke7 29. Ne4 Be5 30. h3 b6 31. Nc3 Kd6 32. Nd5 Kc5 33. Ke4 Bd4 34. f4 b5 35. Kd3 f5 36. Nc3 bxc4+ 37. bxc4 Bf6 38. Nd5 Bd8 39. g4 fxg4 40. hxg4 h5 41. f5 gxf5 42. gxh5 Bg5 43. Ne3 f4 44. Ng4 f3 45. Nf2 Bh6 46. a3 Kc6 47. Ne4 Bf4 48. Kd4 Bh6 49. Nf2 Bf4 50. Nd3 Bh6 51. Ke4 f2 52. Nxf2 Kc5 53. Kd3 a4 54. Ng4 Bg5 55. h6 1-0

[Event "Satu Mare Ferroli op"]
[Site "Satu Mare"]
[Date "2018.11.02"]
[Round "5"]
[White "Ambru, Dan Calin"]
[Black "Marjanovic, Annamaria"]
[Result "0-1"]
[WhiteElo "2001"]
[BlackElo "2326"]
[PlyCount "112"]
[EventDate "2018.10.30"]
[EventType "swiss"]
[EventRounds "9"]
[EventCountry "ROU"]
[SourceTitle "CBM 187 Extra"]
[Source "ChessBase"]
[SourceDate "2018.11.04"]
[SourceVersion "1"]
[SourceVersionDate "2018.11.04"]
[SourceQuality "1"]

1. d4 Nf6 2. c4 e6 3. Nc3 Bb4 4. e3 0-0 5. Bd3 c5 6. Nge2 d5 7. a3 cxd4 8. axb4 dxc3 9. Nxc3 Nc6 10. b5 Ne5 11. cxd5 Nxd3+ 12. Qxd3 Nxd5 13. Nxd5 exd5 14. 0-0 Be6 15. Qd4 b6 16. Bd2 Qd7 17. Bc3 f6 18. Qd3 Rfc8 19. Ra4 Rc7 20. Rfa1 Re8 21. h4 Bf5 22. Qd1 Re4 23. Rxe4 Bxe4 24. Ra4 Qe6 25. Qa1 Qf7 26. Qd1 Rd7 27. Rd4 Bf5 28. g4 Be6 29. h5 h6 30. Kh2 Qe7 31. Bb4 Qd8 32. Qd3 Qc7+ 33. Rf4 d4 34. Qe4 Bf7 35. exd4 Rd8 36. Kg3 Qc4 37. Bc3 Qxb5 38. Rf5 Qd7 39. Qe2 Qd6+ 40. Kh3 Re8 41. Qa6 Qc6 42. Kh2 Qe4 43. Kg3 Qh1 44. Qd3 Be6 45. Qe3 Bd7 46. Qf3 Qg1+ 47. Kh3 Bxf5 48. Qxf5 Qh1+ 49. Kg3 Qc6 50. Qg6 Qc7+ 51. Kg2 Qf7 52. Qd3 Qd5+ 53. Kh2 Qe4 54. Qd1 Kh8 55. Qa4 Qf4+ 56. Kh3 Qf3+ 0-1

[Event "ROM-chT2"]
[Site "Gilau"]
[Date "2018.10.12"]
[Round "6.6"]
[White "Balan, Briana Cleopatra"]
[Black "Ambru, Dan Calin"]
[Result "1/2-1/2"]
[WhiteElo "1723"]
[BlackElo "2008"]
[PlyCount "105"]
[EventDate "2018.10.07"]
[EventType "team-swiss"]
[EventRounds "9"]
[EventCountry "ROU"]
[SourceTitle "CBM 187 Extra"]
[Source "ChessBase"]
[SourceDate "2018.11.04"]
[SourceVersion "1"]
[SourceVersionDate "2018.11.04"]
[SourceQuality "1"]
[WhiteTeam "Bistrita"]
[BlackTeam "Cluj Napoca"]
[WhiteTeamCountry "ROU"]
[BlackTeamCountry "ROU"]

1. d4 Nf6 2. Nc3 d5 3. Bf4 g6 4. e3 Bg7 5. Be2 0-0 6. h4 h5 7. Nf3 c5 8. Nb5 Na6 9. c3 cxd4 10. exd4 Ng4 11. 0-0 Bh6 12. Ng5 Bg7 13. Re1 Qb6 14. a4 e5 15. Bxg4 Bxg4 16. f3 Bd7 17. Be3 e4 18. fxe4 f6 19. Nf3 dxe4 20. d5 Qd8 21. Nfd4 Nc5 22. Rf1 Bg4 23. Qc2 a6 24. Nc6 bxc6 25. Bxc5 axb5 26. Bxf8 Qxf8 27. Qxe4 Bf5 28. Qd4 Rd8 29. Qb6 Rxd5 30. Qxc6 Qc5+ 31. Qxc5 Rxc5 32. axb5 Rxb5 33. Rf2 Bh6 34. Ra8+ Kf7 35. Re2 Rb7 36. Rd8 Bf4 37. Rd4 Be5 38. Ra4 Rd7 39. Rf2 Rd1+ 40. Rf1 Bh2+ 41. Kf2 Rd2+ 42. Ke3 Rxb2 43. Ra7+ Ke6 44. Ra6+ Kd5 45. Rxf6 Ke5 46. Ra6 Rxg2 47. Ra5+ Kf6 48. Ra6+ Ke7 49. Ra7+ Kd6 50. Ra6+ Kc5 51. Ra5+ Kc4 52. Raxf5 gxf5 53. Rxf5 1/2-1/2

[Event "ROM-chT2"]
[Site "Gilau"]
[Date "2018.10.08"]
[Round "2.6"]
[White "Ambru, Dan Calin"]
[Black "Ciorgovean, Iustin"]
[Result "0-1"]
[WhiteElo "2008"]
[BlackElo "2219"]
[PlyCount "76"]
[EventDate "2018.10.07"]
[EventType "team-swiss"]
[EventRounds "9"]
[EventCountry "ROU"]
[SourceTitle "CBM 187 Extra"]
[Source "ChessBase"]
[SourceDate "2018.11.04"]
[SourceVersion "1"]
[SourceVersionDate "2018.11.04"]
[SourceQuality "1"]
[WhiteTeam "Cluj Napoca"]
[BlackTeam "Oltenia Pro Logos"]
[WhiteTeamCountry "ROU"]
[BlackTeamCountry "ROU"]

1. d4 Nf6 2. c4 g6 3. Nc3 Bg7 4. Bg5 h6 5. Bh4 0-0 6. e3 c5 7. d5 d6 8. Nf3 g5 9. Bg3 Nh5 10. Nd2 Nxg3 11. hxg3 e6 12. Qc2 exd5 13. cxd5 f5 14. f4 Na6 15. a3 Nc7 16. 0-0-0 b5 17. Nb3 Qe8 18. Re1 a5 19. fxg5 hxg5 20. g4 b4 21. Nb1 Rb8 22. a4 Qxa4 23. gxf5 Qa2 24. f6 Rxf6 25. Bc4 Ba6 26. Bxa6 Nxa6 27. Ref1 Rxf1+ 28. Rxf1 a4 29. N3d2 b3 30. Qg6 Qxb2+ 31. Kd1 Qc2+ 32. Qxc2 bxc2+ 33. Kxc2 Rb2+ 34. Kd3 Nb4+ 35. Kc4 a3 36. Ne4 a2 37. Na3 Rxg2 38. Nc3 Nc2 0-1

[Event "Arad op 9th"]
[Site "Arad"]
[Date "2016.08.12"]
[Round "9"]
[White "Velikic, Adela"]
[Black "Ambru, Dan Calin"]
[Result "1-0"]
[WhiteElo "2258"]
[BlackElo "2068"]
[PlyCount "91"]
[EventDate "2016.08.06"]
[EventType "swiss"]
[EventRounds "9"]
[EventCountry "ROU"]
[SourceTitle "CBM 173 Extra"]
[Source "ChessBase"]
[SourceDate "2016.08.29"]
[SourceVersion "1"]
[SourceVersionDate "2016.08.29"]
[SourceQuality "1"]

1. Nf3 Nf6 2. d4 g6 3. Bf4 Bg7 4. e3 d6 5. h3 0-0 6. Be2 b6 7. 0-0 Bb7 8. c3 Nbd7 9. Nbd2 c5 10. Bh2 Rc8 11. a4 a6 12. Bd3 cxd4 13. exd4 Nd5 14. Re1 Re8 15. Qe2 Nc7 16. Nc4 Nd5 17. Ng5 N7f6 18. Nd2 Nc7 19. Bc4 Nfd5 20. Nde4 f5 21. Nd2 e5 22. h4 h6 23. Nh3 exd4 24. Qd3 Rxe1+ 25. Rxe1 dxc3 26. bxc3 Kh7 27. h5 Qf6 28. hxg6+ Qxg6 29. Nf3 Bf6 30. Bxd6 Bxc3 31. Bxc7 Bxe1 32. Bxd5 Bxf2+ 33. Kxf2 Bxd5 34. Nf4 Qf7 35. Nxd5 Rxc7 36. Nxc7 Qxc7 37. Qxf5+ Kg7 38. Qe5+ Qxe5 39. Nxe5 b5 40. axb5 axb5 41. Nc6 Kf6 42. Kf3 Kg5 43. Kg3 h5 44. Kf3 Kh4 45. Kf4 b4 46. Nd4 1-0

[Event "Arad op 9th"]
[Site "Arad"]
[Date "2016.08.09"]
[Round "5"]
[White "Bargan, Sergei"]
[Black "Ambru, Dan Calin"]
[Result "1-0"]
[WhiteElo "2298"]
[BlackElo "2068"]
[PlyCount "84"]
[EventDate "2016.08.06"]
[EventType "swiss"]
[EventRounds "9"]
[EventCountry "ROU"]
[SourceTitle "CBM 173 Extra"]
[Source "ChessBase"]
[SourceDate "2016.08.29"]
[SourceVersion "1"]
[SourceVersionDate "2016.08.29"]
[SourceQuality "1"]

1. d4 Nf6 2. c4 g6 3. Nc3 Bg7 4. e4 d6 5. Nf3 0-0 6. Be2 Nbd7 7. 0-0 e5 8. d5 Nc5 9. Qc2 a5 10. Bg5 h6 11. Bh4 g5 12. Bg3 Nh5 13. Nd2 Nf4 14. Rfe1 Nxe2+ 15. Rxe2 f5 16. exf5 Bxf5 17. Nde4 Nxe4 18. Nxe4 b6 19. h3 Qe8 20. f3 Qg6 21. Qd2 Bf6 22. Bh2 h5 23. g4 Bd7 24. Ng3 h4 25. Ne4 Be7 26. Kg2 Rf7 27. Rf1 b5 28. c5 b4 29. c6 Bc8 30. Ref2 Ba6 31. Rd1 Raf8 32. Qe3 Bd8 33. b3 Bb5 34. Re1 Be7 35. Qd2 Ra8 36. Re3 Rff8 37. Qd1 Rfb8 38. Rb2 Qf7 39. Bg1 a4 40. Re1 axb3 41. axb3 Ra3 42. Qd2 Kh8 1-0

[Event "Romanian op"]
[Site "Alba Iulia"]
[Date "2016.03.20"]
[Round "6"]
[White "Ambru, Dan Calin"]
[Black "Petrisor, Adrian Marian"]
[Result "0-1"]
[WhiteElo "2072"]
[BlackElo "2420"]
[PlyCount "72"]
[EventDate "2016.03.16"]
[EventType "swiss"]
[EventRounds "9"]
[EventCountry "ROU"]
[SourceTitle "CBM 171 Extra"]
[Source "ChessBase"]
[SourceDate "2016.04.26"]
[SourceVersion "1"]
[SourceVersionDate "2016.04.26"]
[SourceQuality "1"]

1. c4 g6 2. Nc3 Bg7 3. d4 c5 4. Nf3 cxd4 5. Nxd4 Nc6 6. Nb3 d6 7. g3 Nf6 8. Bg2 0-0 9. 0-0 a5 10. Rb1 Bf5 11. e4 Bg4 12. f3 Be6 13. Nd5 a4 14. Nd2 Qa5 15. b4 axb3 16. Nxb3 Qd8 17. Rf2 Nd7 18. Be3 Nde5 19. Bf1 f5 20. Bb6 Qd7 21. Nc7 fxe4 22. Nxa8 Nxf3+ 23. Rxf3 exf3 24. Nc7 f2+ 25. Kh1 Bg4 26. Qd2 Bf3+ 27. Bg2 Qf5 28. Qd5+ Bxd5 29. Bxd5+ Kh8 30. Rf1 Nb4 31. Bxb7 d5 32. Nd2 Qd3 33. a3 Qxd2 34. axb4 Qe2 35. Kg2 Qf3+ 36. Kh3 Rf5 0-1